000 01827nab a2200277 a 4500
003 DO-SdBNP
005 20250423154227.0
007 ta
008 250423e2005 dr fu|||r||||||0| 0 spa d
022 _a0557-7659
040 _aDO-SdBNP
_bspa
_cBNPHU
_erda
041 _hspa
245 _aCasos de lepra multibacilar en pacientes con menos de cinco lesiones reportados entre el 1999-2005 :
_ben la unidad central del Distrito Nacional dentro del programa de lucha contra la Lepra que se ejecuta el IDCP-DHBD /
_cInstituto Dermatológico.
264 _aSanto Domingo, República Dominicana :
_bInstituto Dermatológico, Asociación Dominicana de Dermatología, Venereología y Leprología,
_c2005.
300 _apáginas. 57-63.
336 _atexto
_btxt
_2rdacontent
337 _asin mediación
_bn
_2rdamedia
338 _avolumen
_bnc
_2rdacarrier
362 _a32 (2) : jul-dic, 2005, p. 57-63.
521 _aLa Organizacion Mundial de la Salud recomienda como criterio para clasificar los casos de lepra en multibacilares / paucibilares, y el conteo del número de lesiones cuando la baciloscopia no está disponible o no es confiable. Este estudio, realizado en la unidad de lepra del Distrito Nacional del Programa Control de Lepra ejecutado por el IDCP-DHBC, analiza las características de 67 casos nuevos con 5 o menos lesiones que fueron tratadas como multibacilares, en el período 1999-2005. Palabras Clave: Lepra. Lepra multibacilar. Programa de control.
650 0 _aLepra
_vPublicaciones periódicas
_zRepública Dominicana
_982179
650 0 _aLepra multibacilar
_vPublicaciones periódicas
_zRepública Dominicana
_987506
650 0 _aPrograma de control
_vPublicaciones periódicas
_987507
773 0 _058756
_9323219
_o2025-3542
_tRevista dominicana de dermatología /
_x0557-7659
942 _2ddc
_cISSUE
999 _c58766
_d58766